Statistics for The Ultimate Tokyo Subway Quiz

Click here to take the quiz!

General Stats

  • This quiz has been taken 2,995 times
    (2,484 since last reset)
  • The average score is 154 of 291

Answers on the Map

Answers color-coded by a green-red scale on the quiz's map according to % correct below.
 

Answer Stats

Station Name% Correct
渋谷駅 (Shibuya Station)
90%
新宿駅 (Shinjuku Station)
90%
浅草駅 (Asakusa Station)
86%
銀座駅 (Ginza Station)
86%
東京駅 (Tōkyō Station)
86%
上野駅 (Ueno Station)
81%
日比谷駅 (Hibiya Station)
76%
秋葉原駅 (Akihabara Station)
75%
池袋駅 (Ikebukuro Station)
75%
三田駅 (Mita Station)
75%
六本木駅 (Roppongi Station)
73%
半蔵門駅 (Hanzōmon Station)
71%
有楽町駅 (Yūrakuchō Station)
71%
目黒駅 (Meguro Station)
70%
代々木駅 (Yoyogi Station)
70%
表参道駅 (Omote-Sandō Station)
69%
日本橋駅 (Nihombashi Station)
68%
押上〈スカイツリー前〉駅 (Oshiage <SKYTREE> Station)
68%
押上駅 (Oshiage Station)
68%
大手町駅 (Ōtemachi Station)
68%
新橋駅 (Shimbashi Station)
68%
新宿三丁目駅 (Shinjuku-Sanchōme Station)
67%
赤坂駅 (Akasaka Station)
66%
中野駅 (Nakano Station)
66%
飯田橋駅 (Iidabashi Station)
65%
恵比寿駅 (Ebisu Station)
63%
神田駅 (Kanda Station)
63%
北千住駅 (Kita-Senju Station)
63%
明治神宮前駅 (Meiji-Jingūmae Station)
63%
中目黒駅 (Naka-Meguro Station)
63%
四ツ谷駅 (Yotsuya Station)
63%
青山一丁目駅 (Aoyama-Itchōme Station)
61%
西新宿駅 (Nishi-Shinjuku Station)
61%
高田馬場駅 (Takadanobaba Station)
61%
御茶ノ水駅 (Ochanomizu Station)
60%
霞ケ関駅 (Kasumigaseki Station)
59%
九段下駅 (Kudanshita Station)
59%
南千住駅 (Minami-Senju Station)
59%
虎ノ門駅 (Toranomon Station)
59%
築地駅 (Tsukiji Station)
59%
早稲田駅 (Waseda Station)
59%
赤坂見附駅 (Akasaka-Mitsuke Station)
58%
東銀座駅 (Higashi-Ginza Station)
58%
国会議事堂前駅 (Kokkai-Gijidōmae Station)
58%
永田町駅 (Nagatachō Station)
58%
代々木上原駅 (Yoyogi-Uehara Station)
58%
五反田駅 (Gotanda Station)
57%
市ヶ谷駅 (Ichigaya Station)
57%
市ケ谷駅 (Ichigaya Station)
57%
後楽園駅 (Kōrakuen Station)
57%
新木場駅 (Shin-Kiba Station)
57%
和光市駅 (Wakōshi Station)
57%
綾瀬駅 (Ayase Station)
56%
東新宿駅 (Higashi-Shinjuku Station)
56%
神保町駅 (Jimbōchō Station)
56%
大門駅 (Daimon Station)
55%
広尾駅 (Hiroo Station)
55%
西日暮里駅 (Nishi-Nippori Station)
55%
荻窪駅 (Ogikubo Station)
55%
水道橋駅 (Suidōbashi Station)
55%
北綾瀬駅 (Kita-Ayase Station)
54%
人形町駅 (Ningyōchō Station)
54%
西船橋駅 (Nishi-Funabashi Station)
54%
王子駅 (Ōji Station)
54%
泉岳寺駅 (Sengakuji Station)
54%
代々木公園駅 (Yoyogi-Kōen Station)
54%
麻布十番駅 (Azabu-Jūban Station)
53%
銀座一丁目駅 (Ginza-Itchōme Station)
53%
三越前駅 (Mitsukoshimae Station)
53%
中野坂上駅 (Nakano-Sakaue Station)
53%
溜池山王駅 (Tameike-Sannō Station)
53%
都庁前駅 (Tochōmae Station)
53%
外苑前駅 (Gaiemmae Station)
52%
葛西駅 (Kasai Station)
52%
西馬込駅 (Nishi-Magome Station)
52%
巣鴨駅 (Sugamo Station)
52%
虎ノ門ヒルズ駅 (Toranomon Hills Station)
52%
豊洲駅 (Toyosu Station)
52%
浅草橋駅 (Asakusabashi Station)
51%
木場駅 (Kiba Station)
51%
駒込駅 (Komagome Station)
51%
馬込駅 (Magome Station)
51%
西早稲田駅 (Nishi-Waseda Station)
51%
六本木一丁目駅 (Roppongi-Itchōme Station)
51%
新御茶ノ水駅 (Shin-Ochanomizu Station)
51%
東池袋駅 (Higashi-Ikebukuro Station)
50%
方南町駅 (Hōnanchō Station)
50%
北参道駅 (Kita-Sandō Station)
50%
京橋駅 (Kyōbashi Station)
50%
練馬駅 (Nerima Station)
50%
四谷三丁目駅 (Yotsuya-Sanchōme Station)
50%
錦糸町駅 (Kinshichō Station)
49%
西葛西駅 (Nishi-Kasai Station)
49%
落合駅 (Ochiai Station)
49%
桜田門駅 (Sakuradamon Station)
49%
新宿御苑前駅 (Shinjuku-Gyoemmae Station)
49%
白金台駅 (Shirokanedai Station)
49%
白金高輪駅 (Shirokane-Takanawa Station)
49%
月島駅 (Tsukishima Station)
49%
上野広小路駅 (Ueno-Hirokōji Station)
49%
地下鉄成増駅 (Chikatetsu-Narimasu Station)
48%
本郷三丁目駅 (Hongō-Sanchōme Station)
48%
茅場町駅 (Kayabachō Station)
48%
中延駅 (Nakanobu Station)
48%
両国駅 (Ryōgoku Station)
48%
淡路町駅 (Awajichō Station)
47%
東日本橋駅 (Higashi-Nihombashi Station)
47%
光が丘駅 (Hikarigaoka Station)
47%
春日駅 (Kasuga Station)
47%
清澄白河駅 (Kiyosumi-Shirakawa Station)
47%
乃木坂駅 (Nogizaka Station)
47%
東大前駅 (Tōdaimae Station)
47%
浦安駅 (Urayasu Station)
47%
平和台駅 (Heiwadai Station)
46%
稲荷町駅 (Inarichō Station)
46%
入谷駅 (Iriya Station)
46%
神楽坂駅 (Kagurazaka Station)
46%
神谷町駅 (Kamiyachō Station)
46%
小竹向原駅 (Kotake-Mukaihara Station)
46%
門前仲町駅 (Monzen-Nakachō Station)
46%
仲御徒町駅 (Naka-Okachimachi Station)
46%
根津駅 (Nezu Station)
46%
二重橋前駅 (Nijūbashimae Station)
46%
西高島平駅 (Nishi-Takashimadaira Station)
46%
新宿西口駅 (Shinjuku-Nishiguchi Station)
46%
新大塚駅 (Shin-Ōtsuka Station)
46%
水天宮前駅 (Suitengūmae Station)
46%
高島平駅 (Takashimadaira Station)
46%
竹橋駅 (Takebashi Station)
46%
田原町駅 (Tawaramachi Station)
46%
上野御徒町駅 (Ueno-Okachimachi Station)
46%
地下鉄赤塚駅 (Chikatetsu-Akatsuka Station)
45%
東中野駅 (Higashi-Nakano Station)
45%
蔵前駅 (Kuramae Station)
45%
本八幡駅 (Moto-Yawata Station)
45%
茗荷谷駅 (Myōgadani Station)
45%
新御徒町駅 (Shin-Okachimachi Station)
45%
末広町駅 (Suehirochō Station)
45%
住吉駅 (Sumiyoshi Station)
45%
東陽町駅 (Tōyōchō Station)
45%
雑司が谷駅 (Zōshigaya Station)
45%
妙典駅 (Myōden Station)
44%
千駄木駅 (Sendagi Station)
44%
新高円寺駅 (Shin-Kōenji Station)
44%
新中野駅 (Shin-Nakano Station)
44%
汐留駅 (Shiodome Station)
44%
高輪台駅 (Takanawadai Station)
44%
赤羽岩淵駅 (Akabane-Iwabuchi Station)
43%
江戸川橋駅 (Edogawabashi Station)
43%
八丁堀駅 (Hatchōbori Station)
43%
東高円寺駅 (Higashi-Kōenji Station)
43%
町屋駅 (Machiya Station)
43%
南阿佐ケ谷駅 (Minami-Asagaya Station)
43%
三ノ輪駅 (Minowa Station)
43%
中野富士見町駅 (Nakano-Fujimichō Station)
43%
中野新橋駅 (Nakano-Shimbashi Station)
43%
千川駅 (Senkawa Station)
43%
芝公園駅 (Shibakōen Station)
43%
志茂駅 (Shimo Station)
43%
新高島平駅 (Shin-Takashimadaira Station)
43%
赤羽橋駅 (Akabanebashi Station)
42%
行徳駅 (Gyōtoku Station)
42%
氷川台駅 (Hikawadai Station)
42%
本所吾妻橋駅 (Honjo-Azumabashi Station)
42%
本駒込駅 (Hon-Komagome Station)
42%
要町駅 (Kanamechō Station)
42%
西新宿五丁目駅 (Nishi-Shinjuku-Gochōme Station)
42%
大島駅 (Ōjima Station)
42%
御成門駅 (Onarimon Station)
42%
豊島園駅 (Toshimaen Station)
42%
築地市場駅 (Tsukijishijō Station)
42%
湯島駅 (Yushima Station)
42%
曙橋駅 (Akebonobashi Station)
41%
馬喰横山駅 (Bakuro-Yokoyama Station)
41%
原木中山駅 (Baraki-Nakayama Station)
41%
護国寺駅 (Gokokuji Station)
41%
白山駅 (Hakusan Station)
41%
板橋区役所前駅 (Itabashi-Kuyakushomae Station)
41%
勝どき駅 (Kachidoki Station)
41%
小伝馬町駅 (Kodemmachō Station)
41%
国立競技場駅 (Kokuritsu-Kyōgijō Station)
41%
南砂町駅 (Minami-Sunamachi Station)
41%
小川町駅 (Ogawamachi Station)
41%
新板橋駅 (Shin-Itabashi Station)
41%
新富町駅 (Shintomichō Station)
41%
宝町駅 (Takarachō Station)
41%
麹町駅 (Kōjimachi Station)
40%
森下駅 (Morishita Station)
40%
王子神谷駅 (Ōji-Kamiya Station)
40%
辰巳駅 (Tatsumi Station)
40%
戸越駅 (Togoshi Station)
40%
東大島駅 (Higashi-Ōjima Station)
39%
岩本町駅 (Iwamotochō Station)
39%
南行徳駅 (Minami-Gyōtoku Station)
39%
西巣鴨駅 (Nishi-Sugamo Station)
39%
千石駅 (Sengoku Station)
39%
蓮根駅 (Hasune Station)
38%
中井駅 (Nakai Station)
38%
西ケ原駅 (Nishigahara Station)
38%
西大島駅 (Nishi-Ōjima Station)
38%
落合南長崎駅 (Ochiai-Minami-Nagasaki Station)
38%
内幸町駅 (Uchisaiwaichō Station)
38%
牛込神楽坂駅 (Ushigome-Kagurazaka Station)
38%
船堀駅 (Funabori Station)
37%
板橋本町駅 (Itabashi-honchō Station)
37%
瑞江駅 (Mizue Station)
37%
練馬春日町駅 (Nerima-Kasugachō Station)
37%
西台駅 (Nishidai Station)
37%
志村三丁目駅 (Shimura-Sanchōme Station)
37%
志村坂上駅 (Shimura-Sakaue Station)
36%
浜町駅 (Hamachō Station)
35%
一之江駅 (Ichinoe Station)
35%
本蓮沼駅 (Motohasunuma Station)
35%
新江古田駅 (Shin-Egota Station)
35%
篠崎駅 (Shinozaki Station)
35%
牛込柳町駅 (Ushigome-Yanagichō Station)
35%
若松河田駅 (Wakamatsu-Kawada Station)
35%
菊川駅 (Kikukawa Station)
34%

Score Distribution

Percentile by Number Answered

Percent of People with Each Score

Your Score History

You have not taken this quiz since the last reset